[Event "Budapest FS04 FM"]
[Site "Budapest"]
[Date "2019.04.02"]
[Round "4"]
[White "Berenstein, Nadav"]
[Black "Szurkos, Andras"]
[Result "0-1"]
[WhiteElo "1661"]
[BlackElo "1689"]
[PlyCount "87"]
[EventDate "2019.03.30"]
[EventType "tourn"]
[EventRounds "10"]
[EventCountry "HUN"]
[SourceTitle "EXT 2020"]
[Source "ChessBase"]
[SourceDate "2019.10.17"]
[SourceVersion "1"]
[SourceVersionDate "2019.10.17"]
[SourceQuality "1"]

1. e4 e5 2. Nf3 Nc6 3. Bb5 Nd4 4. Nxd4 exd4 5. 0-0 g6 6. c3 c6 7. Be2 Bg7 8. d3 Ne7 9. Bf4 0-0 10. Qd2 Re8 11. cxd4 Bxd4 12. Nc3 d5 13. Be3 Bxe3 14. fxe3 dxe4 15. Nxe4 Nd5 16. Rf3 Bg4 17. Rg3 Bxe2 18. Qxe2 f5 19. Nc3 f4 20. Rf3 Rxe3 21. Rxe3 Nxe3 22. Nd1 Nxd1 23. Qe6+ Kg7 24. Rxd1 Qd4+ 25. Kh1 Rf8 26. Qe7+ Rf7 27. Qa3 f3 28. Qc3 fxg2+ 29. Kxg2 Rf2+ 30. Kg3 Qxc3 31. bxc3 Rxa2 32. Rf1 Ra3 33. Rc1 b5 34. Kf4 Kf6 35. Ke4 a5 36. Kd4 Ke6 37. Re1+ Kd6 38. Rf1 c5+ 39. Ke4 Ke6 40. c4 bxc4 41. dxc4 Rc3 42. Re1 a4 43. Kf4+ Kf6 44. Ra1 0-1